000 00515nam a2200205u 4500
008 080212|||||||||||||||||||||||||||||eng|u
020 _a9720422297
100 1 _aCorrea, Carlos
245 1 0 _aQuimica
_b10o ano
_cCarlos Correa, Adriana Nunes, Noemia Almeida
260 _aPorto
_bPorto Editora
_c1999
300 _a239p.
650 4 _aQuimica
_xEnsino secundario
700 1 _aNunes Adriana, Almeida Noemia
961 w l _t11
961 w l _t11
961 w l _t11
961 w l _t11
999 _c231
_d231